Statistics for The Only Living U.S. President

Click here to take the quiz!

General Stats

  • This quiz has been taken 293 times
  • The average score is 5 of 6

Answer Stats

HintAnswer% Correct
April 1789 to March 1797George Washington
98%
December 1799 to March 1801John Adams
92%
January 1973 to August 1974Richard Nixon
86%
June 1908 to March 1909Theodore Roosevelt
81%
January 1933 to March 1933Herbert Hoover
76%
July 1875 to March 1877Ulysses S. Grant
68%

Score Distribution

Percentile by Number Answered

Percent of People with Each Score

Your Score History

You have not taken this quiz